Prince of Egypt- Deliver Us lyrics - Statistics

General Stats
  • This quiz has been taken 136 times
    135 since last reset
  • The average score is 190 of 248
Answer Stats
Answer % Correct
. a
98%
. you
98%
. You
98%
. | Jochebed sings | Slaves Deliver
95%
. deliver
95%
. He
95%
. he
95%
. my
95%
Jochebed sings My
95%
. the
95%
. us
95%
. Us
95%
. can
93%
. to
93%
. I
91%
. cry
90%
. now
90%
. on
90%
. This
90%
. this
90%
. hear
88%
. | Slaves sing Hear
88%
. of
88%
. people
88%
. So
88%
. and
86%
. And
86%
. land
86%
. promised
86%
. sweat
86%
. have
84%
. Sand
84%
. sand
84%
. shoulder
84%
. baby
83%
. be
83%
. brow
81%
. Do
81%
. me
81%
. pray
81%
. Faster
79%
. God
78%
. Water
78%
. whip
78%
. With
78%
. with
78%
. give
76%
. live
76%
. son
76%
. will
76%
Miriam sings Brother
74%
. brother
74%
. dont
72%
Jochebed sings Hush
72%
. nothing
72%
. oh
72%
. our
72%
. salt
72%
. there
72%
. But
71%
. for
71%
. For
71%
. prayer
71%
. that
71%
. you're
71%
. Help
69%
. may
69%
. again
67%
. chance
67%
. high
67%
. remember
67%
. River
66%
. river
66%
. still
66%
. too
64%
. up
64%
. Elohim
62%
. if
62%
. in
62%
. meet
62%
. | Slaves sings Mud
62%
. pull
62%
. Straw
62%
. when
62%
. sleep
60%
. Sleep
60%
. by
59%
. hour
59%
. sting
59%
. we'll
59%
. back
57%
. burning
57%
. dark
57%
. last
57%
. lift
57%
. lullaby
57%
. come
55%
. Come
55%
. him
55%
. just
55%
. raise
55%
. rocked
55%
. stream
55%
. Theres
55%
. all
53%
. From
53%
. from
53%
. call
52%
. free
52%
. Grow
52%
. Here
52%
. know
52%
. Lord
52%
. precious
52%
. someday
52%
. as
50%
. cargo
50%
. dream
50%
. gently
50%
. safe
50%
. Such
48%
. flow
47%
. stay
47%
. I'll
45%
. somewhere
45%
. bear
36%
. love
34%
. slavery
34%
. Send
31%
. shepherd
28%
. stand
24%
. these
24%
. years
24%
. Grown
21%
. cruel
19%
. bondage
17%
. despair
16%
No matching quizzes found
Score Distribution
Percent of People with Each Score
Percentile by Number Answered
Your Score History
You have not taken this quiz since the last reset